First certificate masterclass : (Record no. 14763)

MARC details
000 -LEADER
fixed length control field 01199cam a22003255a 4500
003 - CONTROL NUMBER IDENTIFIER
control field EG-ScBUE
005 - DATE AND TIME OF LATEST TRANSACTION
control field 20201128020845.0
008 - FIXED-LENGTH DATA ELEMENTS--GENERAL INFORMATION
fixed length control field 100708r20112008enka f 000 0 eng d
020 ## - INTERNATIONAL STANDARD BOOK NUMBER
International Standard Book Number 9780194522007
040 ## - CATALOGING SOURCE
Original cataloging agency EG-ScBUE
Language of cataloging eng
Description conventions rda
Transcribing agency EG-ScBUE
Modifying agency EG-ScBUE
082 04 - DEWEY DECIMAL CLASSIFICATION NUMBER
Classification number 428.076
Item number HAI
Edition number 22
100 1# - MAIN ENTRY--PERSONAL NAME
Personal name Haines, Simon F. E,
Relator term author.
9 (RLIN) 16122
245 10 - TITLE STATEMENT
Title First certificate masterclass :
Remainder of title student's book /
Statement of responsibility, etc Simon Haines, Barbara Stewart.
250 ## - EDITION STATEMENT
Edition statement Reprint edition.
264 #1 - PUBLICATION, DISTRIBUTION, ETC. (IMPRINT)
Place of publication, distribution, etc Oxford ;
-- New York :
Name of publisher, distributor, etc Oxford University Press,
Date of publication, distribution, etc 2011.
300 ## - PHYSICAL DESCRIPTION
Extent 191 pages :
Other physical details illustrations ;
Dimensions 28 cm
336 ## - CONTENT TYPE
Source rdacontent
Content type term text
Content type code txt
337 ## - MEDIA TYPE
Source rdamedia
Media type term unmediated
Media type code n
338 ## - CARRIER TYPE
Source rdacarrier
Carrier type term volume
Carrier type code nc
500 ## - GENERAL NOTE
General note On the cover: updated for the revised FCE exam.
500 ## - GENERAL NOTE
General note First published 2008.
521 ## - TARGET AUDIENCE NOTE
Target audience note For B2 learners.<br/>
590 ## - LOCAL NOTE (RLIN)
Local note basant ahmed
650 #7 - SUBJECT ADDED ENTRY--TOPICAL TERM
Topical term or geographic name as entry element English language
General subdivision Examinations
-- Study guides.
Source of heading or term BUEsh
9 (RLIN) 2391
650 #7 - SUBJECT ADDED ENTRY--TOPICAL TERM
Topical term or geographic name as entry element English language
Form subdivision Textbooks for foreign speakers.
Source of heading or term BUEsh
9 (RLIN) 43
653 ## - INDEX TERM--UNCONTROLLED
Resource For college Humanities: English
Arrived date list November2017
-- December2017
-- January2019
655 ## - INDEX TERM--GENRE/FORM
Form subdivision Reading book
9 (RLIN) 34232
700 1# - ADDED ENTRY--PERSONAL NAME
Personal name Stewart, Barbara,
Dates associated with a name 1950-
Relator term author.
9 (RLIN) 16124
942 ## - ADDED ENTRY ELEMENTS (KOHA)
Source of classification or shelving scheme Dewey Decimal Classification
Koha item type Book - Borrowing
Holdings
Withdrawn status Lost status Source of classification or shelving scheme Materials specified (bound volume or other part) Damaged status Not for loan Collection code Home library Current library Shelving location Date acquired Source of acquisition Total Checkouts Full call number Barcode Date last seen Date checked out Price effective from Koha item type Total Renewals
  Lost Dewey Decimal Classification Lost In Inventory_2015-8-23     Baccah Central Library Central Library Second Floor 13/10/2010   2 428.24076 HAI 000022369 15/12/2010 15/12/2010 13/10/2010 Book - Borrowing  
  Lost Dewey Decimal Classification Lost In Inventory_2005-2015/8/22     Baccah Central Library Central Library Second Floor 13/10/2010   2 428.24076 HAI 000022368 29/09/2013 07/08/2011 13/10/2010 Book - Borrowing  
    Dewey Decimal Classification       Baccah Central Library Central Library Second Floor 13/10/2010   5 428.24076 HAI 000022367 24/08/2022 02/05/2011 13/10/2010 Book - Borrowing 9
    Dewey Decimal Classification       Baccah Central Library Central Library Second Floor 13/10/2010   2 428.24076 HAI 000021995 15/07/2025 27/06/2011 13/10/2010 Book - Borrowing  
    Dewey Decimal Classification       Baccah Central Library Central Library Second Floor 13/10/2010   1 428.24076 HAI 000021996 15/07/2025 18/10/2010 13/10/2010 Book - Borrowing 100
    Dewey Decimal Classification       Baccah Central Library Central Library Second Floor 13/10/2010   1 428.24076 HAI 000021997 15/07/2025 09/02/2011 13/10/2010 Book - Borrowing 1
    Dewey Decimal Classification       Baccah Central Library Central Library Second Floor 13/10/2010   1 428.24076 HAI 000021998 15/07/2025 23/12/2010 13/10/2010 Book - Borrowing 1
    Dewey Decimal Classification       Baccah Central Library Central Library Second Floor 13/10/2010     428.24076 HAI 000022000 15/07/2025   13/10/2010 Book - Borrowing  
    Dewey Decimal Classification       Baccah Central Library Central Library Second Floor 13/10/2010   2 428.24076 HAI 000025024 15/07/2025 07/08/2011 13/10/2010 Book - Borrowing  
    Dewey Decimal Classification       Baccah Central Library Central Library Second Floor 13/10/2010   3 428.24076 HAI 000025017 15/07/2025 15/03/2011 13/10/2010 Book - Borrowing 14
    Dewey Decimal Classification       Baccah Central Library Central Library Second Floor 13/10/2010   2 428.24076 HAI 000021999 15/07/2025 24/08/2011 13/10/2010 Book - Borrowing  
    Dewey Decimal Classification       Baccah Central Library Central Library Second Floor 13/10/2010   1 428.24076 HAI 000025026 15/07/2025 13/10/2010 13/10/2010 Book - Borrowing  
    Dewey Decimal Classification       Baccah Central Library Central Library Second Floor 13/10/2010   2 428.24076 HAI 000025023 15/07/2025 27/07/2011 13/10/2010 Book - Borrowing  
    Dewey Decimal Classification       Baccah Central Library Central Library Second Floor 13/10/2010   2 428.24076 HAI 000025022 15/07/2025 11/09/2011 13/10/2010 Book - Borrowing 1
    Dewey Decimal Classification       Baccah Central Library Central Library Second Floor 13/10/2010   1 428.24076 HAI 000025021 15/07/2025 13/10/2010 13/10/2010 Book - Borrowing 1
    Dewey Decimal Classification       Baccah Central Library Central Library Second Floor 13/10/2010   4 428.24076 HAI 000025020 15/07/2025 05/05/2015 13/10/2010 Book - Borrowing 4
    Dewey Decimal Classification       Baccah Central Library Central Library Second Floor 13/10/2010   1 428.24076 HAI 000025019 15/07/2025 13/10/2010 13/10/2010 Book - Borrowing 2
    Dewey Decimal Classification       Baccah Central Library Central Library Second Floor 13/10/2010   1 428.24076 HAI 000025018 15/07/2025 13/10/2010 13/10/2010 Book - Borrowing  
    Dewey Decimal Classification       Donation-Gift Central Library Central Library Second Floor 29/11/2017 Donation   428.24076 HAI 000042597 24/08/2022     Book - Borrowing